00361nam a2200145Ia 4500003000400000008004100004040001600045082001300061100002000074245003200094260004200126300001000168650001500178650002200193GCL140319s9999 xx 000 0 eng d aGCL / cGCL04a843bM B1 aMAUPASSANT, GUY10aBEL-AMI / cMAUPASSANT, GUY a[S.N] : bALBIN MICHEL, S.A ، c1983 a367 P04aLITERATURE04aFRENCH LITERATURE